| 000 | 00570nam a2200181Ia 4500 | ||
|---|---|---|---|
| 008 | 131103s9999 xx 000 0 und d | ||
| 040 | _aLoreto College | ||
| 041 | _aEnglish | ||
| 082 |
_a891.7/DOS _bLCLIB/16453;12078;copy 1 |
||
| 100 | _aDostoyevsky,Fyodor | ||
| 245 | 4 |
_aThe Brothers Karamazov _cFyodor Dostoyevsky;translated by Constance Garnett,introduction by Marc Slonim |
|
| 260 |
_aNew York _bRandom House _c[19 - ?] |
||
| 300 |
_axxiv,940 p. _c 18 cm. |
||
| 650 | _aRussian Literature | ||
| 700 | _aGarnett,Constance,tr. | ||
| 850 | _aLCLIB | ||
| 942 | _cBK | ||
| 999 |
_c13581 _d64060 |
||